Public relations: a scientific approach (Record no. 353447)

000 -LEADER
fixed length control field 00404cam a22001337a 4500
008 - FIXED-LENGTH DATA ELEMENTS--GENERAL INFORMATION
fixed length control field 180718b1980 xxu||||| |||| 00| 0 eng d
082 ## - DEWEY DECIMAL CLASSIFICATION NUMBER
Classification number I54 Sa19
100 ## - MAIN ENTRY--PERSONAL NAME
Personal name Sahai, Baldeo
245 ## - TITLE STATEMENT
Title Public relations: a scientific approach
Statement of responsibility, etc. by Baldeo Sahai
260 ## - PUBLICATION, DISTRIBUTION, ETC.
Place of publication, distribution, etc. Delhi
Name of publisher, distributor, etc. Standing Conference of Public enterprises
Date of publication, distribution, etc. 1980
300 ## - PHYSICAL DESCRIPTION
Extent 336p.
650 ## - SUBJECT ADDED ENTRY--TOPICAL TERM
Topical term or geographic name entry element Public relations --India
650 ## - SUBJECT ADDED ENTRY--TOPICAL TERM
Topical term or geographic name entry element Public relations
Holdings
Withdrawn status Lost status Damaged status Not for loan Permanent Location Current Location Date acquired Full call number Barcode Date last seen Price effective from Koha item type
        Indian Institute of Public Administration Indian Institute of Public Administration 1993-12-02 I54 Sa19/85 61520 2018-07-21 2018-07-21 Book
        Indian Institute of Public Administration Indian Institute of Public Administration 1993-12-02 I54 Sa19 56668 2018-07-21 2018-07-21 Book

Powered by Koha